[Event "AUTO-OPEN-1305"]
[Site "http://www.queenalice.com/game.php?id=478354"]
[Date "2008.10.17"]
[Round "1"]
[White "RIVAS"]
[Black "JosimarCerqueira"]
[Result "1-0"]
[WhiteElo "2002"]
[BlackElo "1735"]

1. e4 e6 2. d4 d5 3. e5 c5 4. c3 Nc6 5. Nf3 cxd4 6. cxd4 Qb6 7. a3 g6 8. Be2 Bg7
9. b4 Nge7 10. Bb2 O-O 11. O-O Nf5 12. g4 Nfxd4 13. Nxd4 Nxe5 14. Nc3 Bd7 15.
Kh1 Nc6 16. Nf3 Rac8 17. Na4 Qc7 18. Bxg7 Kxg7 19. Rc1 Qf4 20. Nc5 Ne5 21. Nxe5
Qxe5 22. Nxd7 Rxc1 23. Nxe5 1-0

[Event "AUTO-OPEN-1305"]
[Site "http://www.queenalice.com/game.php?id=478356"]
[Date "2008.10.17"]
[Round "1"]
[White "ocarrasco"]
[Black "JosimarCerqueira"]
[Result "1-0"]
[WhiteElo "1822"]
[BlackElo "1730"]

1. d4 d5 2. c4 c6 3. cxd5 cxd5 4. g3 Nf6 5. Nc3 e6 6. Bg2 Bd6 7. f4 Nc6 8. Nf3
O-O 9. O-O Ne4 10. Nxe4 Bc7 11. Nc5 Qf6 12. Ne5 Bxe5 13. fxe5 Qe7 14. e4 dxe4
15. Nxe4 Rd8 16. Nd6 Nxe5 17. dxe5 1-0

[Event "AUTO-OPEN-1305"]
[Site "http://www.queenalice.com/game.php?id=478357"]
[Date "2008.10.17"]
[Round "1"]
[White "JosimarCerqueira"]
[Black "PedroBritto"]
[Result "1-0"]
[WhiteElo "1710"]
[BlackElo "1372"]

1. d4 d5 2. c4 dxc4 3. e4 e5 4. d5 Nf6 5. Nc3 Bg4 6. f3 Bd7 7. Bxc4 c6 8. Nge2
b5 9. Bd3 b4 10. dxc6 Nxc6 11. Nd5 a5 12. Bg5 h6 13. Bxf6 gxf6 14. O-O Bc5+ 15.
Kh1 Rg8 16. Rc1 f5 17. Rxc5 fxe4 18. Bxe4 Qg5 19. Nc7+ Ke7 20. Nxa8 Rxa8 21.
Bxc6 Rc8 22. Qxd7+ Kf6 23. Qxc8 Qe3 24. Qd8+ Ke6 25. Bd5+ Kf5 26. g4+ Kg6 27.
Qg8+ Kf6 28. Qxf7+ Kg5 29. Qh5+ 1-0

[Event "AUTO-OPEN-1305"]
[Site "http://www.queenalice.com/game.php?id=478358"]
[Date "2008.10.17"]
[Round "1"]
[White "PedroBritto"]
[Black "JosimarCerqueira"]
[Result "0-1"]
[WhiteElo "1353"]
[BlackElo "1712"]

1. e4 e6 2. d4 d5 3. Nc3 Bb4 4. a3 Bxc3+ 5. bxc3 dxe4 6. c4 Nf6 7. f3 O-O 8. Nh3
exf3 9. Qxf3 Re8 10. Bf4 Qxd4 11. Bxc7 Qxa1+ 12. Qd1 Qxa3 13. Bd3 Nc6 14. O-O
Qc5+ 15. Nf2 e5 16. Re1 Nb4 17. Be2 Qxc7 18. Qb1 Qc5 19. c3 Nc6 20. g4 Nxg4 21.
Rf1 e4 22. h3 Nxf2 23. Rxf2 Bxh3 24. Qxb7 e3 25. Rf3 Qg5+ 26. Kh2 Bf5 27. Qxc6
Be4 28. Qd7 Bxf3 29. Bxf3 Qf4+ 30. Kg2 Qg5+ 31. Kf1 Qg3 32. Ke2 Qf2+ 0-1

[Event "QA-ANNIV-04"]
[Site "http://www.queenalice.com/game.php?id=479282"]
[Date "2008.10.18"]
[Round "3"]
[White "JosimarCerqueira"]
[Black "luciano"]
[Result "1-0"]
[WhiteElo "1686"]
[BlackElo "1715"]

1. e4 e5 2. Nf3 Nc6 3. Bc4 Nd4 4. Nxd4 exd4 5. Qe2 Bc5 6. c3 dxc3 7. Nxc3 c6 8.
d3 b5 9. Bb3 Bb7 10. Qg4 Bd4 11. Be3 Bxe3 12. fxe3 g6 13. O-O Nf6 14. Qf4 O-O
15. Qxf6 Qxf6 16. Rxf6 Kg7 17. Raf1 d5 18. exd5 Rad8 19. dxc6 Rxd3 20. cxb7 Rd7
21. Rxf7+ Rdxf7 22. Rxf7+ Rxf7 23. Bxf7 1-0

[Event "AUTO-OPEN-1353"]
[Site "http://www.queenalice.com/game.php?id=501361"]
[Date "2008.12.2"]
[Round "1"]
[White "JosimarCerqueira"]
[Black "lucianovdemelo"]
[Result "1-0"]
[WhiteElo "1758"]
[BlackElo "1245"]

1. e4 e5 2. Nf3 Nc6 3. Bc4 Nf6 4. Ng5 d5 5. exd5 Nxd5 6. Qf3 Qxg5 7. Qxd5 Qf6 8.
Nc3 Be6 9. Qb5 O-O-O 10. Bxe6+ Qxe6 11. d3 Bb4 12. Bd2 Bxc3 13. Bxc3 Rde8 14.
O-O-O a6 15. Qa4 Qh6+ 16. Bd2 1-0

[Event "AUTO-OPEN-1353"]
[Site "http://www.queenalice.com/game.php?id=501362"]
[Date "2008.12.2"]
[Round "1"]
[White "lucianovdemelo"]
[Black "JosimarCerqueira"]
[Result "0-1"]
[WhiteElo "1243"]
[BlackElo "1760"]

1. d4 d5 2. c4 c6 3. Nc3 Nf6 4. Nf3 e6 5. Bg5 Be7 6. e3 Nbd7 7. Bd3 O-O 8. O-O
a5 9. Qc2 h6 10. Bh4 Nh5 11. Bxe7 Qxe7 12. Ne5 Nhf6 13. Nxd7 Bxd7 14. c5 e5 15.
dxe5 Qxe5 16. Rfe1 Rfe8 17. f4 Qc7 0-1

[Event "AUTO-OPEN-1353"]
[Site "http://www.queenalice.com/game.php?id=501363"]
[Date "2008.12.2"]
[Round "1"]
[White "JosimarCerqueira"]
[Black "marcao"]
[Result "0-1"]
[WhiteElo "1762"]
[BlackElo "1822"]

1. e4 e5 2. Nf3 Nc6 3. Bc4 Nf6 4. d3 Bc5 5. c3 O-O 6. O-O d6 7. b4 Bb6 8. Nbd2
a6 9. a4 a5 10. b5 Ne7 11. Qc2 Bg4 12. h3 Bh5 13. d4 exd4 14. Nxd4 c5 15. N4b3
d5 16. exd5 Nexd5 17. Qf5 Nxc3 18. Nxc5 Bxc5 19. Qxc5 b6 20. Bxf7+ Bxf7 21. Qxc3
Rc8 22. Qb2 Re8 23. Nf3 Re6 24. Ng5 Re7 25. Nxf7 Rxf7 26. Qb3 Rc5 27. Be3 Rd5
28. Bg5 Rxg5 0-1